| 000 | 00975nam a2200277 i 4500 | ||
|---|---|---|---|
| 001 | 14786 | ||
| 003 | ES-MaACL | ||
| 005 | 20250823063029.0 | ||
| 007 | t| | ||
| 008 | 990603s1995 mx ||||1|bspa d | ||
| 020 | _a968-36-3573-3 | ||
| 080 | _a929 Luis Guzmán, Martín | ||
| 080 | _a972"1910/46" | ||
| 100 | 1 |
_aGuzmán, Martín Luis, _d1887-1976 _961297 |
|
| 245 | 1 | 0 |
_aCaudillos y otros extremos / _cMartín Luis Guzmán ; prólogo, selección y notas de Fernando Curiel. |
| 250 | _a1ª ed. | ||
| 260 |
_aMéxico : _bUniversidad Nacional Autónoma, _c1995. |
||
| 300 |
_aXXXVII, 288 p. ; _c18 cm. |
||
| 490 | 1 |
_aBiblioteca del estudiante universitario ; _v115 |
|
| 651 | 4 |
_aMéxico- _xHistoria- _z1910-1946. _99066 |
|
| 700 | 1 |
_aCuriel, Fernando. _942216 |
|
| 710 | 2 |
_aUniversidad Nacional Autónoma de México. _97397 |
|
| 830 | 1 |
_aBiblioteca del estudiante universitario ; _v115 _9187328 |
|
| 852 | 4 |
_aES-MaACL _jL-21883 |
|
| 999 |
_c14786 _d14786 |
||